00341nam a22001217a 4500008004100000100001700041245007000058260000900128300001200137650002600149700002000175773002400195190728b ||||| |||| 00| 0 eng d aSharma, Ajoy aDifferent methodologies of landfill site remediation: an overview c2019 ap.1-12. aWaste, utilization of aKhan, Debishree aMan and Development